000 01327njm a2200313Ia 4500
001 H6002
003 IT-RoPAU
005 20220918181154.0
008 131025s9999 xx 000 0 und d
040 _aIT-RoPAU
040 _cIT-RoPAU
041 _aITALIANO
999 _c102438
_d102438
999 _bn.d.
100 _aDi Mario Angelo
_9853
100 _eAutore musica
_933568
100 _gCodice autore musica SPICS: 10868
_9855
245 _aNatale in terra straniera - Spettacolo natalizio per bambini
250 _a1a ed.
260 _aMILANO
260 _bMULTIMEDIA SAN PAOLO
_c2005 [1a Ed.:2005 - Ed. Lingua Orig.: 2005]
300 _aCOMPACT DISC
300 _c48 minuti (Testo: 0 pag.)
500 _aSpettacolo natalizio per bambini. nella seconda parte del cd (tracce 10-18) ci sono le basi musicali dei vari pezzi.
505 _aSanta Lucia luntan (E.A. Mario) - Terra amata - Naufragio del Sirio - Mamma mia, dammi cento lire (Anonimo) - Minatori non partite - Lacreme napulitane (Bongiovanni-Bosio) - Voglio cantar - E' Natale brava gente - Sinfonia natalizia.
511 _aCoro le Piccole Voci di Angelo di Mario
650 _aRELIGIOSO/RECIT [COMPACT DISC]
_eCodice MATERIA SPICS: 9949
_933569
700 _aDi Mario Angelo
_eAutore testo e musica
_gCodice autore testo/musica SPICS: 10868
_933570
942 _cCD
_2ddc